000
00193 a2200097 4500
001
28672
100
_a
Wilson, D H
245
_a
Hydrodynamics
260
_a
_b
Arnold
_c
090
_c
19157
_d
19157
942
_a
NUST-CAE
_c
M
_c
10177
999
_c
263745
_d
263745